000 00528nam a2200193 a 4500
001 1771589609369
003 YourLibrary
005 20260220174643.0
008 260220s2000##################000#0#eng##
020 _a9780195651805
082 0 4 _a320.54909545
_bPUR
100 1 _aPurewal, Shinder,
_eauthor.
245 1 0 _aSikh Ethnonationalism and the Political Economy of Punjab :
260 _c2000.
300 _a236 pages
650 0 _aBusiness & Economics.
942 _cENGLISH
040 _aYourLibrary
_beng
_cYourLibrary
999 _c614797
_d614797